Słynne i popularne serie filmowe i animowane - Statystyki

Ogólne statystyki
  • Ten quiz został rozwiązany 21 razy
  • Średni wynik to 8 z 40
Statystyki odpowiedzi
Produkcje % Poprawnych
Harry Potter
65%
Shrek
59%
Epoka Lodowcowa
47%
Gwiezdne Wojny
47%
Toy story
47%
Władca Pierścieni
47%
Madagaskar
41%
Auta
29%
James Bond
29%
Król Lew
29%
Matrix
29%
Minionki
29%
Szybcy i Wściekli
29%
Park Jurajski
24%
Jak wytresować smoka
18%
John Wick
18%
Kung Fu Panda
18%
Mad Max
18%
Mission: Impossible
18%
Niezniszczalni
18%
Piraci z Karaibów
18%
Rambo
18%
Rocky
18%
Szklana pułapka
18%
Zmierzch
18%
American Pie
12%
Gang Olsena
12%
Hotel Transylwania
12%
Jumanji
12%
Mumia
12%
Tomb Raider
12%
Transformers
12%
Straszny film
6%
Aladyn
0%
Bad Boys
0%
High School Musical
0%
Kac Vegas
0%
Opowieści z Narnii
0%
Pitch Perfect
0%
Terminator
0%
Nie znaleziono quizów pasujących do podanych kryteriów
Rozkład punktacji
Procent ludzi z każdym wynikiem
Percentyl według liczby udzielonych odpowiedzi
Twoja historia wyników
Nie rozwiązałeś tego quizu